000 00378 a2200145 4500
005 20250626151418.0
020 _a0-471-85463-8
082 _a658,401 BOS
100 _aBOSEMAN, G
245 _aCases in Strategic Management
260 _aNew York,
_bJohn Wily & Sons,
_c1988.
300 _aix, 476p.: ill.; table,
_breference,
_c23cm.
700 _aPHATAK, A .
942 _2ddc
_cBKS
999 _c2210
_d2210